Проектирование зданий и сооружений переработки и утилизации осадков сточных вод с использованием элементов компьютерных информационных технологий: учебное пособие

Detaylı Bibliyografya
Yazar: Алексеев В. И. Виктор Иванович
Diğer Yazarlar: Винокурова Т. Е. Татьяна Евгеньевна (редактор), Пугачев Е. А. Евгений Алексеевич
Özet:Изложены расчеты сооружений по переработке осадков сточных вод различными методами, приведены нормативные данные и вспомогательные таблицы, расчетные схемы устройств, получивших распространение в практике проектирования и строительства водохозяйственных систем. Показана возможность использования компьютерных информационных технологий в расчетах рекомендуемых процессов и сооружений. Разработано для студентов, обучающихся по специальностям «Водоснабжение и водоотведение» и «Природопользование», а также будет полезно специалистам природоохранных организаций, занимающимся проектированием, строительством, наладкой, эксплуатацией и мониторингом очистных сооружений канализации.
Dil:Rusça
Baskı/Yayın Bilgisi: Москва, Изд-во АСВ, 2003
Konular:
Materyal Türü: Kitap
KOHA link:https://koha.lib.tpu.ru/cgi-bin/koha/opac-detail.pl?biblionumber=88826

MARC

LEADER 00000nam0a2200000 4500
001 88826
005 20231031102809.0
010 |a 5930931836 
035 |a (RuTPU)RU\TPU\book\95312 
090 |a 88826 
100 |a 20060110d2003 m y0rusy50 ca 
101 0 |a rus 
102 |a RU 
105 |a a j 001zy 
200 1 |a Проектирование зданий и сооружений переработки и утилизации осадков сточных вод с использованием элементов компьютерных информационных технологий  |e учебное пособие  |f В. И. Алексеев, Т. Е. Винокурова, Е. А. Пугачев  |g под ред. Е. А. Пугачева 
210 |a Москва  |c Изд-во АСВ  |d 2003 
215 |a 173 с.  |c ил. 
320 |a Библиогр.: с. 169-173 
330 |a Изложены расчеты сооружений по переработке осадков сточных вод различными методами, приведены нормативные данные и вспомогательные таблицы, расчетные схемы устройств, получивших распространение в практике проектирования и строительства водохозяйственных систем. Показана возможность использования компьютерных информационных технологий в расчетах рекомендуемых процессов и сооружений. Разработано для студентов, обучающихся по специальностям «Водоснабжение и водоотведение» и «Природопользование», а также будет полезно специалистам природоохранных организаций, занимающимся проектированием, строительством, наладкой, эксплуатацией и мониторингом очистных сооружений канализации. 
610 1 |a очистные сооружения 
610 1 |a сточные воды 
610 1 |a осадки 
610 1 |a уплотнители 
610 1 |a септики 
610 1 |a отстойники 
610 1 |a аэробные стабилизаторы 
610 1 |a кондиционирование 
610 1 |a фильтры 
610 1 |a обезвоживание 
610 1 |a сушилки 
610 1 |a деструкция 
610 1 |a утилизация 
610 1 |a компьютерные технологии 
610 1 |a Excel 
610 1 |a использование 
610 1 |a учебные пособия 
675 |a 628.32(075.8)  |v 3 
700 1 |a Алексеев  |b В. И.  |g Виктор Иванович 
701 1 |a Винокурова  |b Т. Е.  |g Татьяна Евгеньевна 
701 1 |a Пугачев  |b Е. А.  |g Евгений Алексеевич 
702 1 |a Пугачев  |b Е. А.  |g Евгений Алексеевич  |4 340 
801 1 |a RU  |b 63413507  |c 20060110  |g PSBO 
801 2 |a RU  |b 63413507  |c 20091111  |g PSBO 
900 |a Технология основных производств, утилизации и переработки отходов 
942 |c BK 
959 |a 121/20051229  |d 1  |e 184  |f НФ:1